Altgeld’s protégé: Clarence Darrow and the abolition of prisons and capital punishment in the United States
This chapter explores Clarence Darrow’s major cases and his classic texts Crime and Criminals: An Address Delivered to the Prisoners in the Chicago County Jail and Crime: Its Cause and Treatment. Darrow had several experiences that transformed and propelled him to become a significant political forc...
| 1. VerfasserIn: | |
|---|---|
| Medienart: | Druck Aufsatz |
| Sprache: | Englisch |
| Veröffentlicht: |
2025
|
| In: |
Envisioning abolition
Jahr: 2025, Seiten: 259-275 |
| Verfügbarkeit prüfen: | HBZ Gateway |
| Schlagwörter: |
MARC
| LEADER | 00000caa a2200000 c 4500 | ||
|---|---|---|---|
| 001 | 1940138965 | ||
| 003 | DE-627 | ||
| 005 | 20260326134208.0 | ||
| 007 | tu | ||
| 008 | 251104s2025 xx ||||| 00| ||eng c | ||
| 020 | |a 9781529234770 | ||
| 035 | |a (DE-627)1940138965 | ||
| 035 | |a (DE-599)KXP1940138965 | ||
| 040 | |a DE-627 |b ger |c DE-627 |e rda | ||
| 041 | |a eng | ||
| 084 | |a 2,1 |2 ssgn | ||
| 100 | 1 | |a Kersten, Andrew Edmund |d 1969- |e VerfasserIn |0 (DE-588)132993686 |0 (DE-627)530077558 |0 (DE-576)261321390 |4 aut | |
| 109 | |a Kersten, Andrew Edmund 1969- |a Kersten, Andrew E. 1969- | ||
| 245 | 1 | 0 | |a Altgeld’s protégé: Clarence Darrow and the abolition of prisons and capital punishment in the United States |c Andrew E. Kersten |
| 264 | 1 | |c 2025 | |
| 336 | |a Text |b txt |2 rdacontent | ||
| 337 | |a ohne Hilfsmittel zu benutzen |b n |2 rdamedia | ||
| 338 | |a Band |b nc |2 rdacarrier | ||
| 500 | |a Literaturverzeichnis: Seite 273-275 | ||
| 520 | |a This chapter explores Clarence Darrow’s major cases and his classic texts Crime and Criminals: An Address Delivered to the Prisoners in the Chicago County Jail and Crime: Its Cause and Treatment. Darrow had several experiences that transformed and propelled him to become a significant political force for social reform, working to abolish the death penalty and the prison system more generally. In particular, his move to Chicago and his encounter with John Altgeld (1847–1902) were consequential. Darrow was his protégé and then his successor, carrying the mantle of reform and calls for selective abolition. In Chicago, Darrow witnessed firsthand the injustices visited upon the poor and mentally ill as they became entrapped in the maw of the bloody system of policing and incarceration. Darrow lost only one capital case: his first. He spent the next five decades seeking to make the criminal justice system more humane and more restorative, and not about state-sanctioned incarceration and murder. This chapter concludes by exploring how the radical visions and pragmatic proposals of Altgeld and Darrow can provide inspiration for contemporary reformers and penal abolitionists. | ||
| 689 | 0 | 0 | |d p |0 (DE-588)119101076 |0 (DE-627)133865118 |0 (DE-576)211181102 |a Darrow, Clarence |d 1857-1938 |2 gnd |
| 689 | 0 | 1 | |d p |0 (DE-588)123693187 |0 (DE-627)134258126 |0 (DE-576)214969053 |a Altgeld, John Peter |d 1847-1902 |2 gnd |
| 689 | 0 | 2 | |d g |0 (DE-588)4009921-0 |0 (DE-627)106360329 |0 (DE-576)208885285 |a Chicago, Ill. |2 gnd |
| 689 | 0 | 3 | |d s |0 (DE-588)1288603703 |0 (DE-627)1844748855 |a Abolitionismus |g Kriminologie |2 gnd |
| 689 | 0 | 4 | |d s |0 (DE-588)4057808-2 |0 (DE-627)106149415 |0 (DE-576)20912377X |a Strafvollzug |2 gnd |
| 689 | 0 | 5 | |d s |0 (DE-588)4060306-4 |0 (DE-627)10614006X |0 (DE-576)209134682 |a Todesstrafe |2 gnd |
| 689 | 0 | 6 | |d s |0 (DE-588)4055736-4 |0 (DE-627)104270470 |0 (DE-576)209115173 |a Soziale Ungleichheit |2 gnd |
| 689 | 0 | |5 (DE-627) | |
| 773 | 0 | 8 | |i Enthalten in |t Envisioning abolition |d Bristol : Bristol University Press, 2025 |g (2025), Seite 259-275 |h xv, 343 Seiten |w (DE-627)1925824187 |z 9781529234770 |7 nnam |
| 773 | 1 | 8 | |g year:2025 |g pages:259-275 |
| 776 | 1 | |o 10.51952/9781529234800.ch014 | |
| 951 | |a AR | ||
| ELC | |b 1 | ||
| LOK | |0 000 xxxxxcx a22 zn 4500 | ||
| LOK | |0 001 4795984387 | ||
| LOK | |0 003 DE-627 | ||
| LOK | |0 004 1940138965 | ||
| LOK | |0 005 20251104105242 | ||
| LOK | |0 008 251104||||||||||||||||ger||||||| | ||
| LOK | |0 040 |a DE-2619 |c DE-627 |d DE-2619 | ||
| LOK | |0 092 |o n | ||
| LOK | |0 852 |a DE-2619 | ||
| LOK | |0 852 1 |9 00 | ||
| LOK | |0 939 |a 2025-11-04 |b l01 | ||
| ORI | |a WA-MARC-krimdoka001.raw | ||
